000 00884nas a2200253 4500
001 BR7906627
003 BR-BrBNA
005 20231205083956.0
007 ta
008 230509b bl.|||p| |||| 00| 00por d
040 _aBR-BrBNA
_bpor
_cBiblioteca Nacional de Agricultura
041 _a(Pt)
072 _aF05; F70
100 1 _aBoldrini, I.I.
245 1 _aComposicao botanica dos campos naturais da Estacao Experimental Zootecnica de Tupancireta da Secretaria de Agricultura, Rio Grande do Sul: dicotiledoneas [Pastagem; Brasil]
650 _aBotanica
650 _aTaxonomia vegetal
650 _aPastagem
650 _aDicotiledonea
650 _aRio Grande do Sul
773 0 _tAnuario Tecnico do Instituto de Pesquisas Zootecnicas Francisco Osorio (Brazil)
_x
_g(1979), v. 6 p. 165-228
_wBR7906627
909 _a202311
_bLúcia
_c55
_dLúcia Elande
942 _2AGRIS
_n0
_cANA
999 _c102360
_d102360